Statistics for Non-Sovereign Territories In Oceania

Click here to take the quiz!

General Stats

  • This quiz has been taken 11 times
  • The average score is 11 of 25

Answer Stats

Territory% Correct
French Polynesia
91%
Guam
91%
New Caledonia
91%
American Samoa
82%
Easter Island
82%
Northern Mariana Islands
82%
Tokelau
82%
Wallis and Futuna
73%
Hawaii
64%
Norfolk Island
55%
Pitcairn Islands
45%
Wake Island
45%
Coral Sea Islands
36%
Galápagos Islands
36%
Baker Island
27%
Ashmore and Cartier Islands
18%
Midway Atoll
18%
Papua
18%
West Papua
18%
Howland Island
9%
Jarvis Island
9%
Johnston Atoll
9%
Kingman Reef
9%
Ogasawara Village
9%
Palmyra Atoll
9%

Score Distribution

Percentile by Number Answered

Percent of People with Each Score

Your Score History

You have not taken this quiz